Me quieres, mama? / (Record no. 21597)

MARC details
000 -LEADER
fixed length control field 00715 a2200229 4500
001 - CONTROL NUMBER
control field sjds
003 - CONTROL NUMBER IDENTIFIER
control field sjds
005 - DATE AND TIME OF LATEST TRANSACTION
control field 20240227193138.0
008 - FIXED-LENGTH DATA ELEMENTS--GENERAL INFORMATION
fixed length control field 240227b |||||||| |||| 00| 0 spa d
020 ## - INTERNATIONAL STANDARD BOOK NUMBER
International Standard Book Number 0439052084 (pbk.)
020 ## - INTERNATIONAL STANDARD BOOK NUMBER
International Standard Book Number 9780439052085 (pbk.)
040 ## - CATALOGING SOURCE
Transcribing agency sjds
041 ## - LANGUAGE CODE
Language code of text/sound track or separate title spa
100 10 - MAIN ENTRY--PERSONAL NAME
Personal name Joosse, Barbara M.
245 10 - TITLE STATEMENT
Title Me quieres, mama? /
Statement of responsibility, etc. escrito por Barbara M. Joosse ; ilustraciones de Barbara Lavallee ; traducido por Diego Lasconi.
260 ## - PUBLICATION, DISTRIBUTION, ETC. (IMPRINT)
Place of publication, distribution, etc. New York :
Name of publisher, distributor, etc. Scholastic
Date of publication, distribution, etc. 1999, c1998
300 ## - PHYSICAL DESCRIPTION
Extent 1 volume (unpaged) :
Other physical details color illustrations ;
Dimensions 25 cm
500 ## - GENERAL NOTE
General note Translation of: Mama, do you love me?
700 10 - ADDED ENTRY--PERSONAL NAME
Personal name Lavallee, Barbara.
700 10 - ADDED ENTRY--PERSONAL NAME
Personal name Lasconi, Diego.
942 ## - ADDED ENTRY ELEMENTS (KOHA)
Koha item type Libro/Book
Holdings
Withdrawn status Lost status Damaged status Not for loan Home library Current library Date acquired Inventory number Total Checkouts Full call number Barcode Date last seen Price effective from Koha item type
        Las Brisas 2 -- Satellite Las Brisas 2 -- Satellite 06/06/2019 Inventory date: 7/4/25   JI 40101808 06/06/2019 06/06/2019 Libro/Book
        San Juan Del Sur -- Biblioteca San Juan Del Sur -- Biblioteca 19/08/2019       30009212 19/08/2019 19/08/2019 Libro/Book
        San Juan Del Sur -- Biblioteca San Juan Del Sur -- Biblioteca 19/08/2019       30009213 19/08/2019 19/08/2019 Libro/Book

Powered by Koha